Statistiken für Die 25 erfolgreichsten deutschen Musiker

Klicken Sie hier um das Quiz zu spielen!

Allgemein

  • Dieses Quiz wurde 2.483 mal gespielt
  • Das Durchschnittsergebnis liegt bei 6 aus 25

Antwortstatistiken

Musiker/Band% Korrekt
6Helene Fischer
62%
24Rammstein
53%
25Mark Forster
51%
22Sido
47%
1Herbert Grönemeyer
46%
4Die toten Hosen
41%
10Die Ärzte
37%
7Andrea Berg
31%
13Dieter Bohlen
31%
2Peter Maffay
25%
19Modern Talking
23%
20Xavier Naidoo
19%
5Marius-Müller Westernhagen
18%
8Pur
16%
18Sarah Connor
16%
11Wolfgang Petry
14%
15Bonez MC
8%
9Die Flippers
8%
17BAP
7%
23Unheilig
7%
14Robin Schulz
6%
3Rolf Zuckowski
4%
16James Last
3%
21Alex Christensen
1%
12The Cratez
1%

Verteilung der Resultate

Perzentil nach korrekt beantworteten Fragen

Anzahl Personen mit jedem Resultat

Ihre Resultats-Entwicklung

Sie haben dieses Quiz noch nicht gespielt